000 00654nam a2200241Ia 4500
003 OSt
005 20220926011218.0
006 a|||||r|||| 00| 0
007 ta
008 220923b |||||||| |||| 00| 0 eng d
037 _cGeneral Book
040 _aRTL
_cRTL
_beng
041 _2eng
_aeng
082 _aY7438:3(Q), L8
100 _aSpiro Melford E
245 0 _aBurmese supernationalism
260 _aNew Jersey
_bPrentice-Hall
_c1978
300 _axxxvi, 300p
_ccm.
500 _aBibliography: P 281-90
650 _aTerritorial
942 _hY7438:3(Q), L8
_cGB
_2CC
999 _c619394
_d619394